| 000 | 01202nam a22002057a 4500 | ||
|---|---|---|---|
| 005 | 20260124093309.0 | ||
| 008 | 230713b ||||| |||| 00| 0 eng d | ||
| 040 |
_cSSBUL _dSSBUL |
||
| 082 |
_223 _a၃၉၈.၂၀၉၉၅၈ အောင် ၁၆၀၃၁ (S-SAT) |
||
| 100 |
_aအောင်သိန်း၊ _cဆင်ဖြူကျွန်း။ _914537 |
||
| 245 |
_aရိုးရာပုံပြင်စာပေ စာတမ်းများ(ဒု) / _cဆင်ဖြူကျွန်းအောင်သိန်းနှင့် ဦးမင်းနိုင်။ |
||
| 260 |
_aရန်ကုန်၊ _bစာပေဗိမာန်၊ _c၁၉၈၉။ |
||
| 300 |
_a၂၄၅ စာမျက်နှာ၊ _c၂၁ စင်တီ။ |
||
| 440 |
_aစာပေဗိမာန်ထုတ်ပြည်သူ့လက်စွဲစာစဉ်။ _927757 |
||
| 500 | _aS-SAT: Dr. Prof Sai Aung Tun | ||
| 650 |
_aမြန်မာ _vရိုးရာပုံပြင်။ _927882 |
||
| 650 |
_aရိုးရာပုံပြင် _zမြန်မာနိုင်ငံ။ _912018 |
||
| 650 |
_aရိုးရာစာပေ။ _927883 |
||
| 942 |
_2ddc _cBK1 |
||
| 999 |
_c27129 _d27129 |
||